Statistiques concernant Formule 2 - Pilotes 2024

Cliquez ici pour prendre le quiz!

Statistiques générales

  • Ce quiz a été pris 28 fois
  • Le résultat moyen est 13 sur 22

Statistiques - réponses

ÉcurieNationalitéPilote% Correct
Prema RacingItalienAndrea Kimi Antonelli
94%
Campos RacingFrançaisIsack Hadjar
94%
Prema RacingBritanniqueOliver Bearman
94%
ART Grand PrixFrançaisVictor Martins
94%
Campos RacingEspagnolJosep María Martí
83%
MP MotorsportNorvégienDennis Hauger
72%
Van Amersfoort RacingBrésilienEnzo Fittipaldi
72%
ART Grand PrixBritanniqueZak O'Sullivan
72%
Rodin MotorsportBarbadienZane Maloney
72%
Hitech Pulse-EightBelgeAmaury Cordeel
61%
DAMS Lucas OilAméricainJuan Manuel Correa
61%
Hitech Pulse-EightEstonienPaul Aron
61%
Invicta RacingIndienKush Maini
56%
DAMS Lucas OilAméricainJak Crawford
50%
Trident RacingNéerlandaisRichard Verschoor
50%
MP MotorsportArgentinFranco Colapinto
44%
PHM AIX RacingBritanniqueTaylor Barnard
44%
Invicta RacingBrésilienGabriel Bortoleto
33%
PHM AIX RacingParaguayenJoshua Dürksen
33%
Trident RacingTchèqueRoman Staněk
33%
Rodin MotorsportJaponaisRitomo Miyata
28%
Van Amersfoort RacingMexicainRafael Villagómez
22%

Distribution des résultats

Percentile par nombre de réponses

% des personnes avec chaque résultat

Votre développement - résultats

Vous n’avez pas pris ce quiz